000 00875nam a22003017a 4500
001 0074
003 DO-SdBNP
005 20171113115805.0
007 0074
008 151007b sp 1982 xxu||||| |||| 00| 0 spa d
020 _a8432037354
040 _aBPMSU
_bspa
_cBPMSU
082 4 _a813
_bB627e, 1982
100 1 0 _aBack, Campbell
245 1 0 _aEn busca del arca perdida /
_cCampbell Black; Rafael Borrás Betriu dirección ; Soledad Silió Galán traducción
250 _a2a ed.
260 _aBarcelona, España :
_bPlaneta,
_c1982
300 _a185 p.
_c21 cm.
490 1 _aContemporánea
650 4 _aNOVELA INGLESA
650 4 _aLITERATURA INGLESA
700 1 0 _aBorrás Betriu, Rafael,
_edir.
700 1 0 _aSilió Galán, Soledad,
_etr.
830 0 _aContemporánea
942 _2ddc
_cBK
945 _aInventariado, 2017/MFF
956 _aBrenda Tavárez
999 _c8339
_d8339